Tratado práctico de viticultura y enología española / (Record no. 97474)

MARC details
000 -LEADER
campo de control de longitud fija 00599nam a2200169 i 4500
001 - NÚMERO DE CONTROL
campo de control 97474
003 - IDENTIFICADOR DE NÚMERO DE CONTROL
campo de control ES-MaACL
005 - FECHA Y HORA DE LA ÚLTIMA TRANSACCIÓN
campo de control 20230906182116.0
007 - CAMPO FIJO DE DESCRIPCIÓN FÍSICA--INFORMACIÓN GENERAL
campo de control de longitud fija t|
008 - DATOS DE LONGITUD FIJA--INFORMACIÓN GENERAL
campo de control de longitud fija 050712m19681974sp ||||1| spa d
100 1# - ENTRADA PRINCIPAL--NOMBRE DE PERSONA
Nombre de persona Marcilla Arrazola, Juan.
9 (RLIN) 76447
245 10 - MENCIÓN DEL TÍTULO
Título Tratado práctico de viticultura y enología española /
Mención de responsabilidad, etc. Juan Marcilla Arrazola.
260 ## - PUBLICACIÓN, DISTRIBUCIÓN, ETC.
Lugar de publicación, distribución, etc. Madrid :
Nombre del editor, distribuidor, etc. Saeta,
Fecha de publicación, distribución, etc. 1968-1974.
300 ## - DESCRIPCIÓN FÍSICA
Extensión 2 v. :
Otras características físicas il. ;
Dimensiones 24 cm.
505 8# - NOTA DE CONTENIDO CON FORMATO
Nota de contenido con formato Contiene: v. I.- Viticultura. Quinta edición rev. y amp.- 375 p. v. II.- Ecnología. Séptima edición.- 517 p.
852 ## - LOCALIZACIÓN
Ubicación ES-MaACL
Número de control de estantería A-5974-5
Sublocalización o colección R.95006
Holdings
Estatus retirado Estado de pérdida Estado de daño No para préstamo Biblioteca de origen Biblioteca actual Ubicación en estantería Fecha de adquisición Fuente de adquisición Total de préstamos Signatura topográfica completa Código de barras Visto por última vez Precio de reemplazo Tipo de ítem Koha
        Biblioteca del Ateneo de Madrid Biblioteca del Ateneo de Madrid Sala Pecera Planta 1 17/01/2008     A-5974-5 1101757 23/02/2023 23/02/2023 Libro impreso